MARC

LEADER 00000nam0a2200000 4500
001 15811
005 20231030190331.0
010 |a 584740204X 
035 |a (RuTPU)RU\TPU\book\15926 
035 |a BOOK00000614 
090 |a 15811 
100 |a 20011209d1993 km y0rusy50 ca 
101 1 |a rus  |c ger 
102 |a RU 
105 |a y z 000zb 
200 1 |a Атосса, Император  |e пер. с нем.  |f Н. Ульянов, Г. Эберс 
210 |a Москва  |c Новая книга  |d 1993 
215 |a 576 с. 
600 0 |a Дарий  |d I  |c царь Персидской державы (государства Ахеменидов)  |f 522 - 486 гг. до н.э.  |2 stltpui  |3 (RuTPU)RU\TPU\pers\654 
610 1 |a история 
610 1 |a Древний мир 
610 1 |a Всемирная история 
610 1 |a скифы 
610 1 |a Древняя Скифия 
610 1 |a Древняя Персия 
686 |a Т3(0)32  |v LBC/SL-A  |2 rubbk 
686 |a Т3(2)2  |v LBC/SL-A  |2 rubbk 
700 1 |a Ульянов  |b Н.  |g Николай 
701 1 |a Эберс  |b Г.  |g Гео 
801 0 |a RU  |b 63413507  |c 20011209  |g PSBO 
801 2 |a RU  |b 63413507  |c 20080418  |g PSBO 
942 |c BK